| 000 | 00501nam a2200133Ia 4500 | ||
|---|---|---|---|
| 008 | 171207s9999 xx 000 0 und d | ||
| 100 | _aLine, Nathaniel D. | ||
| 245 | _aNature-Based Tourism Destinations A Dyadic Approach | ||
| 245 | _cNathaniel D. Line, Wanda M. Costen | ||
| 260 | _c2017 | ||
| 300 | _apages 278-300, March 2017 | ||
| 440 |
_aJournal of Hospitality & Tourism Research _v41:3 |
||
| 650 | _aNATURE-BASED TOURISM, DESTINATION IMAGE, MOTIVATION, ATTITUDES, STRUCTURAL EQUATION MODELING | ||
| 999 |
_c347584 _d347584 |
||